1481 1007 1502 1920 1269 1369 1055 1518 1697 1789 1663 1976 1339 1023 1586 1674 1082 1061 1031 1689 1057 1229 1812 1047 1577 1920 1937 1460 1240 1320 1024 1894 1676 1693 1937 1007 1440 1106 1985 1759 1991 1801 1575 1202 1745 1642 1516 1877 1490 1899 1951 1421 1142 1642 1683 1689 1080 1599 1751 1470 1324 1265 1647 1032 1712 1564 1837 1052 1514 1106 1095 1870 1283 1830 1270 1530 1411 1435 1937 1195 1398 1311 1745 1214 1057 1456 1114 1328 1794 1432 1457 1660 1757 1927 1562 1342 1881 1195 1016 BCNSPRNW ULIB Ver.6.0+V

เปลี่ยนเป็นภาษาไทย

Change to English
 แสดงรายละเอียดบรรณานุกรม
  กลับหน้าหลัก

Brief Record : Get Marc (ISO 2709) : E-mail record : QR code < ปิดหน้าต่าง
LEADER : 00000nam 2200000uu 4500
001    13399110818
003     ULIB
008    110225s2551||||th 000 0 tha d
020    9789747152647
060  4 WS113^bณ311B
100 0  ณัฏฐนิช พุฒิพิทยาธร
245 00 รู้ทันความต้องการแม้ลูกยังพูดไม่ได้ =^bBaby sign/^cณัฏฐนิช พุฒิพิทยาธร
246 31 Baby sign
260    กรุงเทพฯ:^bรักลูกบุ๊คส์,^c2551
300    166 หน้า:^bภาพประกอบ
650  7 เลี้ยงลูก
650  7 สัญญาน
945    ^p140^l0^i023245
995    ทศพร
999 ^a ใช้งานได้ทุกระบบ
รายการนี้ยังไม่มีแท็ก
คุณยังไม่ได้ล็อกอิน คุณสามารถมีกิจกรรมร่วมกับเว็บไซต์ได้ แต่ต้องล็อกอินก่อน ::
  ล็อกอิน

รายการสื่อสารสนเทศ

ลำดับที่ ประเภท เลขเรียก/บาร์โค้ด สถานที่ สถานะ
- ไม่พบข้อมูล -

รายการใกล้เคียง
    หัวเรื่อง [เลี้ยงลูก]

BibComment


ยังไม่เคยถูกคอมเมนท์

คอมเมนท์ทรัพยากรรายการนี้
  คอมเมนท์: รู้ทันความต้องการ..


 Copyright 2026. Bcnsprnw @Library